000
00292nam a2200121Ia 4500
008
190216s9999||||xx |||||||||||||| ||und||
100
_a
Oliver Gold Smith
245
0
_a
She Stoops To Conquer
260
_b
Macmillan India Ltd
_c
1992
300
_a
104p
650
_a
English Prose
942
_c
BK
999
_c
13746
_d
13746